{"text_format":"3","workbook":"xlsx","n_sheets":1,"sheets":["Sheet1"],"read":"whole","date_system":"1900"}

{"sheet":"Sheet1","index":0,"n_rows":25,"n_cols":7,"rows_kept":25,"merged":[[0,0,0,6],[2,1,7,1],[8,1,11,1],[12,1,15,1],[16,1,18,1],[19,0,19,4],[19,5,19,6],[20,0,20,4],[20,5,20,6],[21,0,21,4],[21,5,21,6],[22,0,22,4],[22,5,22,6],[23,0,23,4],[23,5,23,6],[24,0,24,6]]}
["莲花路项目春节活动报价明细"]
["序号","项目","内容","数量","单位","单价","总价"]
[1,"马上有戏 童乐新春","金币巧克力",2,"斤",35,70]
[2,null,"混装高级糖果",4,"斤",35,140]
[3,null,"气球",{"$nulls":3},0]
[4,null,"财神（下午2小时），每天1人，共3天，含服饰人工",3,"人",500,1500]
[5,null,"小丑（下午2小时），每天1人，共3天，含服饰人工",3,"人",800,2400]
[6,null,"普通卡通人偶（下午2小时），每天2人，共3天，含服饰人工",6,"人",600,3600]
[7,"汤圆夹夹乐","背景桁架3*8米+黑胶喷绘+异形龙卡板",1,"项",1600,1600]
[8,null,"单面30-40公分六面体，写真覆龙卡板6组",1,"项",600,600]
[9,null,"汤圆玩偶18-38公分8个、80cm筷子2双",1,"项",600,600]
[10,null,"兼职一天",1,"人",160,160]
[11,"花灯DIY","长条桌含桌布，一天，租赁",15,"张",40,600]
[12,null,"礼宾凳，一天，租赁",50,"把",15,750]
[13,null,"兼职：负责维护秩序等场控工作（半天）",1,"人",80,80]
[14,null,"马年花灯DIY套组",50,"份",15,750]
[15,"巧手捏元宵","满足50人材料（黑芝麻、红糖、豆沙、糯米面粉、包装盒、手套、一次性桌布等道具）",50,"份",35,1750]
[16,null,"长条桌含桌裙",8,"张",40,320]
[17,null,"兼职：负责维护秩序等场控工作（半天）",2,"人",80,160]
["不含税合计",{"$nulls":4},{"v":15080,"d":"15080.00"}]
["下浮率",{"$nulls":4},{"v":0,"d":"0.00%"}]
["下浮后不含税金额",{"$nulls":4},{"$f":"F20*(1-F21)","v":{"v":15080,"d":"15080.00"}}]
["税金（税率      %，按实际开票税率填写）",{"$nulls":4},{"$f":"F22*0.06","v":{"v":904.8,"d":"904.80"}},{"v":904.8,"d":"904.80"}]
["下浮后含税总计",{"$nulls":4},{"$f":"F22+F23","v":{"v":15984.8,"d":"15984.80"}},{"v":15984.8,"d":"15984.80"}]
["注：本表仅需填写标黄部分，其他内容不允许改动"]